Transport and the environment (Record no. 28734)

MARC details
000 -LEADER
fixed length control field 00417nam a2200157Ia 4500
082 ## - DEWEY DECIMAL CLASSIFICATION NUMBER
Classification number 581.52:622.063
Item number HOT
100 ## - MAIN ENTRY--AUTHOR NAME
Personal name HOTHERSALL, David C
245 #0 - TITLE STATEMENT
Title Transport and the environment
260 ## - PUBLICATION, DISTRIBUTION, ETC. (IMPRINT)
Place of publication London
Name of publisher Crosby Lockwood
Year of publication 1977
650 ## - SUBJECT ADDED ENTRY--TOPICAL TERM
Topical Term Atmospheric Pollution
650 ## - SUBJECT ADDED ENTRY--TOPICAL TERM
Topical Term Ecology
650 ## - SUBJECT ADDED ENTRY--TOPICAL TERM
Topical Term Environment
700 ## - ADDED ENTRY--PERSONAL NAME
Personal name SALTER, Ricahard J
942 ## - ADDED ENTRY ELEMENTS (KOHA)
Koha item type Books
Holdings
Withdrawn status Lost status Damaged status Not for loan Home library Current library Date acquired Full call number Accession Number Koha item type
        RRII Library RRII Library 16/12/2021 581.52:622.063 HOT 09328 Books